000 00358 a2200169 4500
001 190165
020 _a978-85-08-11420-7
040 _cMagnum
100 _aBoechat, Lucio
240 1 0 _aNamoro entre livros
_lpor
245 1 0 _aNamoro entre livros
300 _a69
362 0 _a2007
440 1 _aÁtica
697 _aLITERATURA JUVENIL
942 _cBK
999 _c190165
_d190165